Русская литература XX века (Запись № 474918)

Подробности
000 -МАРКЕР
контрольное поле 01716nam1a2200373 i 4500
001 - ИДЕНТИФИКАТОР ЗАПИСИ
контрольное поле RU\NLR\bibl\995878
005 - ИДЕНТИФИКАТОР ВЕРСИИ
контрольное поле 20260406125801.0
010 ## - МЕЖДУНАРОДНЫЙ СТАНДАРТНЫЙ НОМЕР КНИГИ (ISBN)
Номер (ISBN) 5-358-00456-4
035 ## - ДРУГИЕ СИСТЕМНЫЕ НОМЕРА
Идентификатор записи (NLR Aleph) 000983643
100 ## - ДАННЫЕ ОБЩЕЙ ОБРАБОТКИ
Данные общей обработки 20061011g20069999e y0rusy50 ca
101 0# - ЯЗЫК РЕСУРСА
Язык текста, звукозаписи и т.д. русский
102 ## - СТРАНА ПУБЛИКАЦИИ ИЛИ ПРОИЗВОДСТВА
Страна публикации Российская Федерация
105 ## - ПОЛЕ КОДИРОВАННЫХ ДАННЫХ: ТЕКСТОВЫЕ МАТЕРИАЛЫ, МОНОГРАФИЧЕСКИЕ
Кодированные данные о монографическом текстовом документе ||||j |||||
200 1# - ЗАГЛАВИЕ И СВЕДЕНИЯ ОБ ОТВЕТСТВЕННОСТИ
Основное заглавие Русская литература XX века
Сведения, относящиеся к заглавию 11 класс
-- учебник для общеобразовательных учреждений
-- в 2 ч.
Первые сведения об ответственности [д.филол.н. В.В. Агеносов, Э.Л. Безносов, д.филол.н. Б.С. Бугров и др.]
Последующие сведения об ответственности под общ. ред. В.В. Агеносова
205 ## - СВЕДЕНИЯ ОБ ИЗДАНИИ
Сведения об издании 11-е изд., доп.
210 ## - ПУБЛИКАЦИЯ, РАСПРОСТРАНЕНИЕ И ДР.
Место издания, распространения и т.д. Москва
Имя издателя, распространителя и т. д. Дрофа
Дата издания, распространения и т.д. 2006
215 ## - ФИЗИЧЕСКАЯ ХАРАКТЕРИСТИКА
Размеры 22
300 ## - ОБЩИЕ ПРИМЕЧАНИЯ
Текст примечания Авт. указаны на обороте тит.л.
463 #0 - УРОВЕНЬ ФИЗИЧЕСКОЙ ЕДИНИЦЫ
Встроенное поле 001976527
463 #0 - УРОВЕНЬ ФИЗИЧЕСКОЙ ЕДИНИЦЫ
Встроенное поле 001977972
606 1# - НАИМЕНОВАНИЕ ТЕМЫ КАК ПРЕДМЕТ
Наименование темы Русская советская литература
Формальный подзаголовок Учебные издания для средней школы
Системный номер авторитетной/нормативной записи 888281
Идентификатор авторитетной/нормативной записи RU\NLR\auth\66496
606 1# - НАИМЕНОВАНИЕ ТЕМЫ КАК ПРЕДМЕТ
Наименование темы Русская литература
Формальный подзаголовок Учебные издания для средней школы
Хронологический подзаголовок 20 в.
Системный номер авторитетной/нормативной записи 894612
Идентификатор авторитетной/нормативной записи RU\NLR\auth\663956
686 ## - ИНДЕКСЫ ДРУГИХ КЛАССИФИКАЦИЙ
Индекс Ш5(2=Р)7я721-1
686 ## - ИНДЕКСЫ ДРУГИХ КЛАССИФИКАЦИЙ
Индекс Ш5(2=Р)я721-1
701 #1 - ИМЯ ЛИЦА - АЛЬТЕРНАТИВНАЯ ОТВЕТСТВЕННОСТЬ
Начальный элемент ввода Агеносов
Часть имени, кроме начального элемента ввода В. В.
Расширение инициалов личного имени Владимир Вениаминович
Код отношения Автор
701 #1 - ИМЯ ЛИЦА - АЛЬТЕРНАТИВНАЯ ОТВЕТСТВЕННОСТЬ
Код отношения Автор
Графика поля Кириллица
Материалы, к которым относится поле rus
Начальный элемент ввода Безносов
Часть имени, кроме начального элемента ввода Э. Л.
Расширение инициалов личного имени Эдуард Львович
Системный номер авторитетной/нормативной записи 111483
Идентификатор авторитетной/нормативной записи RU\NLR\auth\771458
701 #1 - ИМЯ ЛИЦА - АЛЬТЕРНАТИВНАЯ ОТВЕТСТВЕННОСТЬ
Начальный элемент ввода Бугров
Часть имени, кроме начального элемента ввода Б. С.
Расширение инициалов личного имени Борис Семенович
Код отношения Автор
801 #0 - ИСТОЧНИК ЗАПИСИ
Страна Российская Федерация
Организация NLR
Дата составления 20061011
Правила каталогизации rcr
801 #1 - ИСТОЧНИК ЗАПИСИ
Страна Российская Федерация
Организация NLR
Дата составления 20061011
852 ## - МЕСТОНАХОЖДЕНИЕ И ШИФР ХРАНЕНИЯ
Идентификатор организации NLR
Шифр хранения (Call Number) 2006-5/5768
942 ## - ДОПОЛНИТЕЛЬНЫЕ ЭЛЕМЕНТЫ ЗАПИСИ (АБИС)
Тип экземпляра АБИС Книга

Нет доступных экземпляров.